Normal view
MARC view
- الباهلي، انسام غضبان
Entry Personal Name
001 - CONTROL NUMBER
- control field: 62735
003 - CONTROL NUMBER IDENTIFIER
- control field: JO-AjAnu
005 - DATE AND TIME OF LATEST TRANSACTION
- control field: 20230606084238.0
008 - FIXED-LENGTH DATA ELEMENTS
- fixed length control field: 230606|| aca||aabn | a|a d
040 ## - CATALOGING SOURCE
- Original cataloging agency: JO-AjAnu
- Transcribing agency: JO-AjAnu
100 ## - HEADING--PERSONAL NAME
- Personal name: الباهلي، انسام غضبان
670 ## - SOURCE DATA FOUND
- Source citation: Work cat.: (JO-AjAnu)31990: الباهلي، انسام غضبان, author, المفاخرات في بلاد الاندلس من الفتح الاسلامي حتي سقوط غرناطة (92-897ه-710-1492م):دراسة تاريخية